| 000 | 00837nam a22001817a 4500 | ||
|---|---|---|---|
| 005 | 20260203173832.0 | ||
| 082 | _a621.395 MAR | ||
| 100 |
_aMarina Crompton _91236 |
||
| 100 |
_aKailas Sree Chandran _91234 |
||
| 245 | _aDigital Electronics and Logic Design | ||
| 250 | _a1 | ||
| 260 |
_aSourabhya Technical Publications _bTrivandrum _c2025 |
||
| 300 |
_aPrint length : 304 pages _bItem Weight : 250 g Dimensions : 21 x 14 x 2 cm |
||
| 520 | _aThis textbook has been prepared in alignment with the syllabus of Digital Electronics and Logic Design for the third semester B.Tech (Group A branches) under the 2024 Scheme of APJ Abdul Kalam Technological University (KTU). Course code: GAEST305 Includes portions for DIGITAL LAB PCCSL308 | ||
| 546 | _aLanguage : English | ||
| 650 |
_aECE _912 |
||
| 942 | _cBK | ||
| 999 |
_c38177 _d38177 |
||